Winning Horses of the Kentucky Derby - Statistics

General Stats
  • This quiz has been taken 86 times
  • The average score is 42 of 151
Answer Stats
Year Winning Horse % Correct
1973 Secretariat
87%
1978 Affirmed
70%
2015 American Pharoah
70%
2018 Justify
70%
1977 Seattle Slew
70%
2006 Barbaro
61%
2009 Mine That Bird
57%
2008 Big Brown
52%
2014 California Chrome
52%
1943 Count Fleet
52%
1948 Citation
48%
2005 Giacomo
48%
2024 Mystik Dan
48%
2013 Orb
48%
2022 Rich Strike
48%
2004 Smarty Jones
48%
1937 War Admiral
48%
1941 Whirlaway
48%
2019 Country House
43%
1930 Gallant Fox
43%
2012 I'll Have Another
43%
1935 Omaha
43%
1919 Sir Barton
43%
2010 Super Saver
43%
1988 Winning Colors
43%
2011 Animal Kingdom
39%
2025 Sovereignty
39%
1946 Assault
35%
1999 Charismatic
35%
1986 Ferdinand
35%
2003 Funny Cide
35%
2000 Fusaichi Pegasus
35%
1994 Go for Gin
35%
1996 Grindstone
35%
1947 Jet Pilot
35%
2023 Mage
35%
2001 Monarchos
35%
2016 Nyquist
35%
1998 Real Quiet
35%
1997 Silver Charm
35%
2007 Street Sense
35%
2002 War Emblem
35%
2017 Always Dreaming
30%
1974 Cannonade
30%
1953 Dark Star
30%
1878 Day Star
30%
1980 Genuine Risk
30%
1939 Johnstown
30%
1992 Lil E. Tee
30%
1964 Northern Dancer
30%
1993 Sea Hero
30%
1979 Spectacular Bid
30%
1989 Sunday Silence
30%
1987 Alysheba
26%
1875 Aristides
26%
2020 Authentic
26%
1877 Baden-Baden
26%
1924 Black Gold
26%
1976 Bold Forbes
26%
1951 Count Turf
26%
1975 Foolish Pleasure
26%
1945 Hoop Jr.
26%
1891 Kingman
26%
1879 Lord Murphy
26%
1969 Majestic Prince
26%
2021 Mandaloun
26%
1907 Pink Star
26%
1928 Reigh Count
26%
1985 Spend A Buck
26%
1991 Strike the Gold
26%
1983 Sunny's Halo
26%
1958 Tim Tam
26%
1959 Tomy Lee
26%
1882 Apollo
22%
1921 Behave Yourself
22%
1886 Ben Ali
22%
1896 Ben Brush
22%
1884 Buchanan
22%
1932 Burgoo King
22%
1971 Canonero II
22%
1961 Carry Back
22%
1934 Cavalcade
22%
1962 Decidedly
22%
1954 Determine
22%
1970 Dust Commander
22%
1918 Exterminator
22%
1925 Flying Ebony
22%
1880 Fonso
22%
1968 Forward Pass
22%
1982 Gato Del Sol
22%
1881 Hindoo
22%
1901 His Eminence
22%
1957 Iron Liege
22%
1903 Judge Himes
22%
1900 Lieut. Gibson
22%
1888 Macbeth II
22%
1899 Manuel
22%
1950 Middleground
22%
1956 Needles
22%
1944 Pensive
22%
1981 Pleasant Colony
22%
1949 Ponder
22%
1915 Regret
22%
1890 Riley
22%
1972 Riva Ridge
22%
1889 Spokane
22%
1908 Stone Street
22%
1984 Swale
22%
1955 Swaps
22%
1995 Thunder Gulch
22%
1897 Typhoon II
22%
1990 Unbridled
22%
1876 Vagrant
22%
1960 Venetian Way
22%
1909 Wintergreen
22%
1912 Worth
22%
1923 Zev
22%
1902 Alan-a-Dale
17%
1936 Bold Venture
17%
1933 Brokers Tip
17%
1926 Bubbling Over
17%
1929 Clyde Van Dusen
17%
1910 Donau
17%
1913 Donerail
17%
1904 Elwood
17%
1940 Gallahadion
17%
1916 George Smith
17%
1895 Halma
17%
1952 Hill Grail
17%
1885 Joe Cotton
17%
1966 Kauai King
17%
1938 Lawrin
17%
1883 Leonatus
17%
1965 Lucky Debonair
17%
1887 Montrose
17%
1922 Morvich
17%
1914 Old Rosebud
17%
1920 Paul Jones
17%
1898 Plaudit
17%
1906 Sir Huon
17%
1905 Agile
13%
1911 Meridian
13%
1917 Omar Khayyam
13%
1892 Azra
9%
1894 Chant
9%
1893 Lookout
9%
1931 Twenty Grand
9%
1927 Whiskery
9%
1963 Chateaugay
4%
1967 Proud Clarion
4%
1942 Shut Out
4%
No matching quizzes found
Score Distribution
Percent of People with Each Score
Percentile by Number Answered
Your Score History
You have not taken this quiz